<?xml version="1.0" encoding="UTF-8"?><?xml-stylesheet type="text/xsl" href="static/style.xsl"?><OAI-PMH xmlns="http://www.openarchives.org/OAI/2.0/" xmlns:xsi="http://www.w3.org/2001/XMLSchema-instance" xsi:schemaLocation="http://www.openarchives.org/OAI/2.0/ http://www.openarchives.org/OAI/2.0/OAI-PMH.xsd"><responseDate>2026-04-14T07:52:03Z</responseDate><request verb="GetRecord" identifier="oai:www.recercat.cat:2445/217808" metadataPrefix="marc">https://recercat.cat/oai/request</request><GetRecord><record><header><identifier>oai:recercat.cat:2445/217808</identifier><datestamp>2025-12-05T14:49:12Z</datestamp><setSpec>com_2072_1057</setSpec><setSpec>col_2072_478846</setSpec><setSpec>col_2072_478917</setSpec></header><metadata><record xmlns="http://www.loc.gov/MARC21/slim" xmlns:dcterms="http://purl.org/dc/terms/" xmlns:xsi="http://www.w3.org/2001/XMLSchema-instance" xmlns:doc="http://www.lyncode.com/xoai" xsi:schemaLocation="http://www.loc.gov/MARC21/slim http://www.loc.gov/standards/marcxml/schema/MARC21slim.xsd">
   <leader>00925njm 22002777a 4500</leader>
   <datafield ind2=" " ind1=" " tag="042">
      <subfield code="a">dc</subfield>
   </datafield>
   <datafield ind2=" " ind1=" " tag="720">
      <subfield code="a">Vivar, Marcos</subfield>
      <subfield code="e">author</subfield>
   </datafield>
   <datafield ind2=" " ind1=" " tag="720">
      <subfield code="a">Anyor, Roger</subfield>
      <subfield code="e">author</subfield>
   </datafield>
   <datafield ind2=" " ind1=" " tag="720">
      <subfield code="a">Ribera, Mireia</subfield>
      <subfield code="e">author</subfield>
   </datafield>
   <datafield ind2=" " ind1=" " tag="720">
      <subfield code="a">Grané, Mariona</subfield>
      <subfield code="e">author</subfield>
   </datafield>
   <datafield ind2=" " ind1=" " tag="720">
      <subfield code="a">Martins Gironelli, Ludmila</subfield>
      <subfield code="e">author</subfield>
   </datafield>
   <datafield ind2=" " ind1=" " tag="720">
      <subfield code="a">Puertas i Prats, Eloi</subfield>
      <subfield code="e">author</subfield>
   </datafield>
   <datafield ind2=" " ind1=" " tag="720">
      <subfield code="a">Díaz, Oliver</subfield>
      <subfield code="e">author</subfield>
   </datafield>
   <datafield ind2=" " ind1=" " tag="720">
      <subfield code="a">Igual Muñoz, Laura</subfield>
      <subfield code="e">author</subfield>
   </datafield>
   <datafield ind2=" " ind1=" " tag="720">
      <subfield code="a">Cano García, Elena</subfield>
      <subfield code="e">author</subfield>
   </datafield>
   <datafield ind2=" " ind1=" " tag="260">
      <subfield code="c">2025-01-22T09:50:20Z</subfield>
   </datafield>
   <datafield ind2=" " ind1=" " tag="260">
      <subfield code="c">2025-01-22T09:50:20Z</subfield>
   </datafield>
   <datafield ind2=" " ind1=" " tag="260">
      <subfield code="c">2025</subfield>
   </datafield>
   <datafield ind2=" " ind1=" " tag="520">
      <subfield code="a">Esta guía técnica del entorno Uptitude (uptitude.app) para el profesorado ha sido elaborada en el&#xd;
marco del proyecto de Prueba de Concepto PDC2022-133248-100 con el título:&#xd;
“Plataforma E-Learning Para La Autorregulación Del Aprendizaje”&#xd;
Financiado por MCIN/AEI/10.13039/501100011033&#xd;
y por la Unión Europea Next GenerationEU/ PRTR</subfield>
   </datafield>
   <datafield ind2=" " ind1=" " tag="520">
      <subfield code="a">Uptitude es una plataforma de e-learning específicamente pensada para favorecer que el alumnado tome una actitud activa en su formación. Para ello promueve y facilita procesos de evaluación participativos, facilita una retroalimentación (feedback) constante y así incentiva la autorregulación.&#xd;
&#xd;
El uso de Uptitude en una institución puede ser global, es decir, se puede usar Uptitude como aula virtual principal para todos los cursos; o puede ser puntual, como complemento a otras aulas virtuales, usando Uptitude exclusivamente en asignaturas o tareas particulares en las que se quiera dar especial énfasis al aprendizaje autorregulado. &#xd;
&#xd;
El funcionamiento es sencillo y similar a otras herramientas de gestión de aprendizaje (LMS por sus siglas en inglés): Uptitude permite crear cursos, con sus respectivas tareas, subir documentos, crear fórums ... &#xd;
&#xd;
Destaca respecto a otras herramientas por facilitar el diseño de secuencias de actividades en pasos estructurados para llevar a cabo las tareas, e incluye diversas secuencias de ejemplo para simplificar este diseño. &#xd;
&#xd;
Todas las secuencias que se ofrecen como ejemplo en Uptitude plantean actividades que se ajustan a las fases del aprendizaje autorregulado: planificación, monitoreo y autorreflexión. Además, incluyen procesos de evaluación en los que el estudiantado posee un rol activo.</subfield>
   </datafield>
   <datafield tag="653" ind2=" " ind1=" ">
      <subfield code="a">Tecnologia educativa</subfield>
   </datafield>
   <datafield tag="653" ind2=" " ind1=" ">
      <subfield code="a">Retroacció</subfield>
   </datafield>
   <datafield tag="653" ind2=" " ind1=" ">
      <subfield code="a">Autoaprenentatge</subfield>
   </datafield>
   <datafield tag="653" ind2=" " ind1=" ">
      <subfield code="a">Educational technology</subfield>
   </datafield>
   <datafield tag="653" ind2=" " ind1=" ">
      <subfield code="a">Feedback</subfield>
   </datafield>
   <datafield tag="653" ind2=" " ind1=" ">
      <subfield code="a">Self-culture</subfield>
   </datafield>
   <datafield ind2="0" ind1="0" tag="245">
      <subfield code="a">Guía del entorno Uptitude para el profesorado</subfield>
   </datafield>
</record></metadata></record></GetRecord></OAI-PMH>